000 00439nam a2200181Ia 4500
005 20250423101739.0
008 250422s9999 xx 000 0 und d
020 _a0-534-22218-8
050 _aPE1408.K35
100 _aSanford Kaye
245 0 _aWriting as a Lifelong Skill
260 _aCalifornia
260 _bInternational Thomson Publishings
260 _c1994
300 _a260 p
650 _aEnglish Language
942 _cBK
999 _c37157
_d37157